Detalles MARC
| 000 -CABECERA |
| campo de control de longitud fija |
00936nam a2200229 a 4500 |
| 003 - IDENTIFICADOR DEL NÚMERO DE CONTROL |
| campo de control |
OSt |
| 005 - FECHA Y HORA DE LA ÚLTIMA TRANSACCIÓN |
| campo de control |
20220531084006.0 |
| 007 - CAMPO FIJO DE DESCRIPCIÓN FÍSICA--INFORMACIÓN GENERAL |
| campo de control de longitud fija |
ta |
| 008 - DATOS DE LONGITUD FIJA--INFORMACIÓN GENERAL |
| campo de control de longitud fija |
201123e1987 dr ac|||rf||| 001 0 spa d |
| 040 ## - FUENTE DE LA CATALOGACIÓN |
| Centro catalogador/agencia de origen |
DO-SdBNP |
| Lengua de catalogación |
spa |
| Centro/agencia transcriptor |
BNPHU |
| 041 ## - CÓDIGO DE LENGUA |
| Código de lengua original |
spa |
| 082 ## - NÚMERO DE LA CLASIFICACIÓN DECIMAL DEWEY |
| Número de clasificación |
xxx |
| Número de documento/Ítem |
J86m |
| 100 ## - ENTRADA PRINCIPAL--NOMBRE DE PERSONA |
| Nombre de persona |
Joubert , José. |
| 9 (RLIN) |
77363 |
| 245 ## - MENCIÓN DE TÍTULO |
| Título |
Manual de los cuerpos extraños en vías respiratorias y digestivas : |
| Resto del título |
manual de endoscopía / |
| Mención de responsabilidad, etc. |
José Joubert ; Marcio Veloz Maggiolo... [et. al.] , dirección editorial. |
| 260 ## - PUBLICACIÓN, DISTRIBUCIÓN, ETC. |
| Lugar de publicación, distribución, etc. |
San Pedro de Macorís, República Dominicana : |
| Nombre del editor, distribuidor, etc. |
Universidad Central del Este , |
| Fecha de publicación, distribución, etc. |
1987 |
| 300 ## - DESCRIPCIÓN FÍSICA |
| Extensión |
136 pg. , |
| Otras características físicas |
retratos ; |
| Dimensiones |
20 cm |
| 700 1# - PUNTO DE ACCESO ADICIONAL--NOMBRE DE PERSONA |
| Nombre de persona |
Maggiolo Veloz, Marcio , |
| Término indicativo de función/relación |
dirección editorial. |
| 9 (RLIN) |
77364 |
| 700 1# - PUNTO DE ACCESO ADICIONAL--NOMBRE DE PERSONA |
| Nombre de persona |
Gastón Arce , Freddy , |
| Término indicativo de función/relación |
dirección editorial |
| 9 (RLIN) |
77365 |
| 700 1# - PUNTO DE ACCESO ADICIONAL--NOMBRE DE PERSONA |
| Nombre de persona |
Camarazamy , Francisco , |
| Término indicativo de función/relación |
dirección editorial |
| 9 (RLIN) |
77366 |
| 700 1# - PUNTO DE ACCESO ADICIONAL--NOMBRE DE PERSONA |
| Nombre de persona |
Luna Carderón , Fernándo , |
| Término indicativo de función/relación |
dirección editorial |
| 9 (RLIN) |
44052 |
| 942 ## - ELEMENTOS DE PUNTO DE ACCESO ADICIONAL (KOHA) |
| Fuente del sistema de clasificación o colocación |
Dewey Decimal Classification |
| Tipo de ítem Koha |
Libro |